Elektromobilita v Európskej únii diplomová práca

Salvato in:
Dettagli Bibliografici
Autore principale: Hruškovic, Martin
Ente Autore: Obchodná fakulta EU. Katedra marketingu
Altri autori: Rehák, Róbert, 1984-
Natura: Libro
Lingua:slovacco
Pubblicazione: Bratislava 2022
Tags: Aggiungi Tag
Nessun Tag, puoi essere il primo ad aggiungerne!!

MARC

LEADER 00000nbm a2200000 4500
001 0284214
005 20230111092133.6
041 0 |a slo 
044 |a SK 
245 1 0 |a Elektromobilita v Európskej únii  |b diplomová práca  |c Martin Hruškovic ; školiteľ: Róbert Rehák 
264 1 |a Bratislava  |c 2022 
300 |a 68 s. 
100 1 |a Hruškovic, Martin 
700 1 |a Rehák, Róbert, 1984- 
710 2 |a Obchodná fakulta EU. Katedra marketingu